| Tag |
First Indicator |
Second Indicator |
Subfields |
| LEADER |
00000cam a2200000 i 4500 |
| 001 |
in00004016413 |
| 005 |
20180718085847.0 |
| 008 |
170906t20182018ncuabf b s001 0 eng c |
| 010 |
|
|
|a 2017041402
|
| 020 |
|
|
|a 9781469637266
|q hardcover :
|q alkaline paper
|
| 020 |
|
|
|a 146963726X
|q hardcover :
|q alkaline paper
|
| 020 |
|
|
|a 9781469637273
|q paperback :
|q alkaline paper
|
| 020 |
|
|
|a 1469637278
|q paperback :
|q alkaline paper
|
| 020 |
|
|
|z 9781469637280
|q electronic book
|
| 035 |
|
|
|a (OCoLC)on1003641620
|
| 040 |
|
|
|a DLC
|e rda
|c DLC
|d UtOrBLW
|
| 043 |
|
|
|a n-us-tn
|
| 049 |
|
|
|a TXAM
|
| 050 |
0 |
0 |
|a F444.C457
|b K63 2018
|
| 082 |
0 |
0 |
|a 976.8/82
|2 23
|
| 100 |
1 |
|
|a Knapp, Courtney Elizabeth,
|e author.
|0 http://id.loc.gov/authorities/names/no2017117279
|
| 245 |
1 |
0 |
|a Constructing the dynamo of Dixie :
|b race, urban planning, and cosmopolitanism in Chattanooga, Tennessee /
|c Courtney Elizabeth Knapp.
|
| 264 |
|
1 |
|a Chapel Hill :
|b University of North Carolina Press,
|c [2018]
|
| 264 |
|
4 |
|c ©2018
|
| 300 |
|
|
|a xii, 245 pages, 12 unnumbered pages of plates :
|b illustrations, maps ;
|c 25 cm.
|
| 336 |
|
|
|a text
|b txt
|2 rdacontent
|
| 337 |
|
|
|a unmediated
|b n
|2 rdamedia
|
| 338 |
|
|
|a volume
|b nc
|2 rdacarrier
|
| 504 |
|
|
|a Includes bibliographical references and index.
|
| 505 |
0 |
|
|a Diasporic placemaking in the renaissance city of the South -- Settling Chattanooga: race, property, and Cherokee dispossession -- Rooting a black diaspora in downtown Chattanooga: 1540-1890 -- Cosmopolitanism as concealment: the dynamo of Dixie during Jim Crow, 1890-1968 -- Defying racist stereotypes: the Big Nine and Lincoln Park -- Singing a Big Nine blues revolution -- Chattanooga homecoming: citizen-driven planning along the Tennessee riverfront -- Public space, cultural development, and reconciliation politics in the renaissance city -- From rabble rousing to sparcing community transformation: the evolution of Chattanooga organized for action -- The politics of black self-determination and neighborhood preservation in Lincoln Park.
|
| 520 |
|
|
|a What can local histories of interracial conflict and collaboration teach us about the potential for urban equity and social justice in the future? Courtney Elizabeth Knapp chronicles the politics of gentrification and culture-based development in Chattanooga, Tennessee by tracing the roots of racism, spatial segregation and mainstream 'cosmopolitanism' back to the earliest encounters between the Cherokee, African Americans and white settlers. By weaving together archival, ethnographic and participatory action research techniques, she reveals the political complexities of a city characterized by centuries of ordinary resistance to racial segregation and uneven geographic development.
|
| 651 |
|
0 |
|a Chattanooga (Tenn.)
|x History.
|
| 650 |
|
0 |
|a City planning
|z Tennessee
|z Chattanooga.
|
| 651 |
|
0 |
|a Chattanooga (Tenn.)
|x Race relations.
|
| 650 |
|
0 |
|a African Americans
|z Tennessee
|z Chattanooga
|x History.
|
| 945 |
|
|
|b 539112
|
| 947 |
|
|
|a A14850538480
|
| 948 |
|
|
|a cataloged
|b h
|c 2018/5/2
|d c
|e dmitchel
|f 12:00:00 pm
|
| 994 |
|
|
|a 92
|b TXA
|
| 999 |
f |
f |
|s 3eb8796e-2937-3073-b53c-a2289b8680cf
|i 2450442a-70ff-3d37-a12e-03afde369f69
|t 0
|
| 952 |
f |
f |
|p normal
|a Texas A&M University
|b College Station
|c Sterling C. Evans Library
|d Evans: Library Stacks
|t 0
|e F444.C457 K63 2018
|h Library of Congress classification
|i unmediated -- volume
|m A14850538480
|
| 998 |
f |
f |
|a F444.C457 K63 2018
|t 0
|l Evans: Library Stacks
|